Ekonomické problémy péče o životní prostředí /

Hlavní autor: Opplová, Marta
Jazyk: Čeština
Vydáno: Praha : Práce, 1985
Vydání: 1. vyd.
Edice: Člověk a práce
Témata:
Fyzický popis: 127 s.
Knihy
Uloženo v:
LEADER 00992nam a22002772a 4500
001 000293551
003 CZ BrMZK
005 20090804071659.0
007 ta
008 980107s1985 xr f cze d
015 |a cnb000036167 
035 |a (OCoLC)29121396 
040 |a BOA001  |b cze 
100 1 |a Opplová, Marta  |7 ola2004253824  |4 aut 
245 1 0 |a Ekonomické problémy péče o životní prostředí /  |c Marta Opplová 
250 |a 1. vyd. 
260 |a Praha :  |b Práce,  |c 1985 
300 |a 127 s. 
490 1 |a Člověk a práce 
830 0 |a Člověk a práce  |0 s 
910 |a BOA001  |b PK-0100.516  |b 1-0895.369 
964 |a Prostředí životní - péče - hledisko ekonomické - příručky 
964 |a Prostředí životní - péče - řízení - příručky 
990 |a BK 
996 6 |b 2619595887  |c 1-0895.369  |l MZK  |r Sklad / do 1 hodiny  |n 0  |w 000293551  |u 000020  |a 1  |e BOA001  |j MZK50  |s P 
996 7 |b 3119920702  |c PK-0100.516  |l MZK  |r Sklad / do 1 hodiny  |n 3  |w 000293551  |u 000010  |a 1  |e BOA001  |j MZK50  |s A